000 00662cam a22002172 4500
001 0000002211
005 20151217151844.0
008 070404s xx 000 0 eng d
040 _aKABU
_cKABU
050 0 _aHF5415.13
_b.M33 1989
100 1 _aMcDonald, Malcolm H. B.
_@0000151481
245 1 0 _aMarketing plans :
_bhow to prepare them : how to use them.
250 _a2nd ed.
260 _aOxford :
_bHeinemann Professional,
_c1989.
300 _aix, 337 p.
650 0 _aMarketing
_xManagement.
_@0000150912
650 0 _aMarketing
_xPlanning.
_@0000151445
908 _a070404
950 _@1
999 _c5706
_d5706